000
00205 a2200097 4500
001
26000
100
_a
Mandel J
245
_a
Mechanical waves in solids
260
_a
_b
Springer
_c
090
_c
17595
_d
17595
942
_a
NUST-CAE
_c
M
_c
8441
999
_c
261073
_d
261073